Statistics for 20 Famous People from Turkey

Click here to take the quiz!

General Stats

  • This quiz has been taken 143 times
    (78 since last reset)
  • The average score is 11 of 20

Answer Stats

HintAnswer% Correct
Revolutionary statesman and the founding father of the Republic of TurkeyMustafa Kemal Atatürk
91%
Prime Minister of Turkey from 2003 to 2014 and President of Turkey since 2014Recep Tayyip Erdoğan
89%
Pop music singer whose song Simarik became popular in a number of countriesTarkan
80%
Football coach who managed Galatasaray, AC Milan and Turkish national teamFatih Terim
69%
Known as the Magnificent, the longest-reigning Sultan of the Ottoman EmpireSuleiman I
63%
Basketball player, nicknamed Hedo, who played 15 seasons in the NBAHidayet Türkoğlu
61%
Footballer who is the top scorer in history of Turkish national teamHakan Şükür
59%
Singer who won the Eurovision Song Contest 2003 with her song Everyway That I CanSertab Erener
59%
Military officer who member of the "Three Pashas" in the Ottoman Empire during WWIEnver Pasha
57%
Ottoman sultan, known as the Conqueror, who conquered Constantinople in 1453Mehmed II
57%
Turkish-American TV personality, cardiothoracic surgeon and pseudoscience promoterMehmet Oz
57%
Novelist, screenwriter, academic and recipient of the 2006 Nobel Prize in LiteratureOrhan Pamuk
57%
Molecular biologist who was awarded the Nobel Prize in Chemistry in 2015Aziz Sancar
56%
Islamic cleric that was blamed for the failed coup by Turkey's president in 2016Fethullah Gülen
54%
Goalkeeper and the most capper footballer in history of Turkish national teamRüştü Reçber
54%
Basketball player who changed his last name to Freedom to celebrate US citizenshipEnes Kanter
49%
Film director who won the Palme d'Or for his film Winter SleepNuri Bilge Ceylan
39%
Basketball player who was selected for NBA All-Star Game in 2007Mehmet Okur
34%
Singer-songwriter who was married to Serbian pop singer Emina JahovićMustafa Sandal
31%
Azerbaijani-born sprinter who became World Champion in the men's 200 m raceRamil Guliyev
29%

Score Distribution

Percentile by Number Answered

Percent of People with Each Score

Your Score History

You have not taken this quiz since the last reset